devine le chanteur/ la chanteuse - Statistiques

Statistiques générales
  • Ce quiz a été pris 368 fois
  • Le résultat moyen est 15 sur 20
Statistiques - réponses
Par images Réponse % Correct
ariana grande
96%
bruno mars
93%
taylor swift
93%
shakira
92%
celine dion
91%
justin bieber
91%
adele
88%
ed sheeran
86%
lady gaga
86%
billie eilish
85%
sabrina carpenter
84%
katy perry
78%
britney spears
72%
the weeknd
68%
harry styles
67%
olivia rodrigo
64%
madonna
57%
zayn
39%
Christina Aguilera
25%
eminen
11%
Aucun quiz correspondant
Distribution des résultats
% des personnes avec chaque résultat
Percentile par nombre de réponses
Votre historique - résultats
Vous n’avez pas pris ce quiz